000 01132nam a22002657a 4500
999 _c15719
_d15719
003 AR-CdUCM
008 190429b ||||| |||| 00| 0 spa d
040 _aMUNICIPALIDAD PROVINCIAL DEL CUSCO
_cBIBLIOTECA MUNICIPAL DEL CUSCO
082 _a362.709 /
_bS52
100 _aSierra, Lucila
_934886
245 _aPromoción del crecimiento y desarrollo en la primera infancia :
_bbuenas prácticas y lecciones aprendidas del programa Buen inicio /
260 _aLima :
_bUNICEF,
_c2013.
300 _a298 páginas ;
_bIlustraciones, cuadros,
_c21 cm.
505 _aContenido : Invirtiendo en los mas pequeños -- El problema del tiempo -- El crecimiento y desarrollo temprano -- Factores de riesgo -- El contexto de las zonas de intervención -- Los lineamientos de buen inicio...
650 _aBienestar infantil
_934887
650 _aPerú
_935
650 _aNiños
_99390
650 _aPolítica gubernamental
_925230
650 _aSalud e higiene
_934888
650 _aProgramas de emergencia social
_934889
710 _aUNICEF.
_99438
856 _fwww.unicef.org/peru
942 _2ddc
_cLIBROS
945 _awnts
_d2019-04-29